[Event "Prva liga CS 2013"]
[Site "www.sah-centralnasrbija.com"]
[Date "2013.09.21"]
[Round "?"]
[White "Tosic Miroslav"]
[Black "Markovic Zoran S"]
[Result "1-0"]
[WhiteElo "2412"]
[BlackElo "2363"]
[PlyCount "59"]
[EventDate "2013.??.??"]

1. d4 d5 2. c4 e6 3. Nf3 Nf6 4. Nc3 Be7 5. Bg5 O-O 6. e3 h6 7. Bh4 b6 8. Bd3
Bb7 9. cxd5 Nxd5 10. Bg3 c5 11. O-O cxd4 12. exd4 Nd7 13. Re1 N7f6 14. Ne5 Rc8
15. Rc1 Nxc3 16. bxc3 Ba3 17. Rc2 Nd5 18. Qa1 a6 19. Nc4 Be7 20. a4 b5 21. axb5
axb5 22. Na5 Ba8 23. Bxb5 Nxc3 24. Rxc3 Qd5 25. Bf1 Bb4 26. Rxc8 Rxc8 27. Re5
Qd8 28. Nc4 Bd5 29. Qb2 Be7 30. Nb6 1-0

[Event "Prva liga CS 2013"]
[Site "www.sah-centralnasrbija.com"]
[Date "2013.09.21"]
[Round "?"]
[White "Nestorovic Dejan"]
[Black "Paunovic Tomislav"]
[Result "1/2-1/2"]
[WhiteElo "2437"]
[BlackElo "2327"]
[PlyCount "46"]
[EventDate "2013.??.??"]

1. d4 g6 2. c4 Bg7 3. Nf3 d6 4. Nc3 e5 5. Bg5 f6 6. Be3 Nc6 7. dxe5 fxe5 8. Bg5
Nf6 9. e3 Be6 10. Be2 Qd7 11. Bxf6 Bxf6 12. O-O O-O 13. Nd2 Bg7 14. Nde4 h6 15.
Rc1 a6 16. Qd2 Kh8 17. Nd5 Rad8 18. Nec3 Ne7 19. Nxe7 Qxe7 20. b3 c6 21. Bd3 g5
22. Qe2 Qf7 23. Ne4 Bc8 1/2-1/2

[Event "Prva liga CS 2013"]
[Site "www.sah-centralnasrbija.com"]
[Date "2013.09.21"]
[Round "?"]
[White "Manic Jovica"]
[Black "Milenkovic Mladen"]
[Result "1/2-1/2"]
[WhiteElo "2256"]
[BlackElo "2381"]
[PlyCount "90"]
[EventDate "2013.??.??"]

1. d4 Nf6 2. Nf3 c5 3. e3 g6 4. c3 b6 5. Nbd2 Bb7 6. Bd3 Bg7 7. O-O O-O 8. b4
cxb4 9. cxb4 d6 10. Bb2 Nbd7 11. Qe2 Nd5 12. a3 a6 13. Nc4 b5 14. Na5 Qb6 15.
Rac1 Rac8 16. Nxb7 Qxb7 17. Bc2 N5b6 18. Nd2 Nc4 19. Nxc4 Rxc4 20. Bb3 Rxc1 21.
Rxc1 Nb6 22. Qf3 d5 23. Rc5 e6 24. g3 Nd7 25. Rc2 Rc8 26. Qd1 Nb6 27. Rxc8+
Nxc8 28. Qd3 Nd6 29. Bd1 Bf8 30. Qc2 Nc4 31. Bc1 a5 32. bxa5 Nxa5 33. Qa2 Nc4
34. a4 b4 35. Bb3 Na5 36. Qc2 Nxb3 37. Qxb3 Qc6 38. Bd2 Qc4 39. Qb1 b3 40. a5
Bb4 41. Bxb4 Qxb4 42. a6 Qa3 43. a7 Kg7 44. a8=Q Qxa8 45. Qxb3 Qc6 1/2-1/2

[Event "Prva liga CS 2013"]
[Site "www.sah-centralnasrbija.com"]
[Date "2013.09.21"]
[Round "?"]
[White "Dudukovic Nikola"]
[Black "Todorovic Bojan"]
[Result "1/2-1/2"]
[WhiteElo "2351"]
[BlackElo "2338"]
[PlyCount "80"]
[EventDate "2013.??.??"]

1. e4 e5 2. Nf3 Nc6 3. Bc4 Bc5 4. O-O Nf6 5. d4 Bxd4 6. Nxd4 Nxd4 7. Bg5 d6 8.
f4 Bg4 9. Bxf6 Bxd1 10. Bxd8 Rxd8 11. Rxd1 Nxc2 12. Nc3 Nxa1 13. Rxa1 c6 14.
Rf1 f6 15. f5 Ke7 16. Rf3 g5 17. Be6 h5 18. Rd3 h4 19. Nd1 Ra8 20. Ne3 Rhb8 21.
Nc4 a5 22. Nb6 Ra6 23. Nc8+ Kd8 24. Nxd6 Kc7 25. Nf7 Rf8 26. Rd7+ Kb8 27. Nd6
Rb6 28. b3 Rb4 29. a3 Rd4 30. Rxb7+ Ka8 31. Rd7 Rd1+ 32. Kf2 Rd2+ 33. Kf3 h3
34. gxh3 Rh8 35. h4 Rxh2 36. Nc4 R8xh4 37. Rd2 R4h3+ 38. Kg4 Rh4+ 39. Kg3 R4h3+
40. Kg4 Rh4+ 1/2-1/2

[Event "Prva liga CS 2013"]
[Site "www.sah-centralnasrbija.com"]
[Date "2013.09.21"]
[Round "?"]
[White "Carnic Srdjan"]
[Black "Organdziev Oliver"]
[Result "1/2-1/2"]
[WhiteElo "2327"]
[BlackElo "2308"]
[PlyCount "41"]
[EventDate "2013.??.??"]

1. d4 d5 2. c4 Bf5 3. cxd5 Bxb1 4. Qa4+ Qd7 5. Qxd7+ Nxd7 6. Rxb1 Ngf6 7. Nf3
Nxd5 8. e4 N5f6 9. Bd3 e6 10. b4 Be7 11. Ke2 O-O-O 12. Bd2 h6 13. Rhc1 Kb8 14.
a4 g5 15. h3 Nh5 16. g3 Rhf8 17. Ne5 Nxe5 18. dxe5 f6 19. Bc3 fxe5 20. Bxe5 Bd6
21. Bc3 1/2-1/2

[Event "Prva liga CS 2013"]
[Site "www.sah-centralnasrbija.com"]
[Date "2013.09.21"]
[Round "?"]
[White "Prelevic Dusko"]
[Black "Nikolic Boban"]
[Result "1-0"]
[WhiteElo "2312"]
[BlackElo "2255"]
[PlyCount "79"]
[EventDate "2013.??.??"]

1. e4 c6 2. d4 d5 3. e5 Na6 4. Nc3 Nc7 5. Bd3 g6 6. h3 h5 7. Nf3 Nh6 8. Be3 Bf5
9. Be2 Qd7 10. Nd2 Bg7 11. Nb3 b6 12. Qd2 O-O-O 13. a4 Kb8 14. a5 b5 15. a6 Ne6
16. Na5 Ka8 17. Na2 Rb8 18. Nb4 Rb6 19. b3 Nc7 20. O-O Be6 21. c4 bxc4 22. bxc4
dxc4 23. Nxc4 Bxc4 24. Bxc4 Nf5 25. Bxf7 Nxe3 26. fxe3 Bxe5 27. Nd3 Bd6 28.
Bxg6 Rg8 29. Bf5 Qe8 30. Be4 Ne6 31. Qc2 Ng5 32. Nc5 Bxc5 33. dxc5 Rb4 34. Bf5
e6 35. Rab1 exf5 36. Rxb4 Qxe3+ 37. Kh1 Ne4 38. Rxe4 fxe4 39. Qb2 Rb8 40. Rf8
1-0

[Event "Prva liga centralne Srbije 2013"]
[Site "Kragujevac"]
[Date "2013.09.21"]
[Round "10.1"]
[White "Mista, Aleksander"]
[Black "Pancevski, Filip"]
[Result "1/2-1/2"]
[WhiteElo "2582"]
[BlackElo "2500"]
[PlyCount "96"]
[EventDate "2013.09.14"]

1. Nf3 d6 2. e4 g6 3. d4 Bg7 4. Nc3 c6 5. Be3 Nf6 6. h3 O-O 7. Qd2 Qc7 8. Bd3
e5 9. O-O Re8 10. a4 a5 11. Rfe1 Nbd7 12. Rad1 Nf8 13. Bf1 exd4 14. Bxd4 N8d7
15. Be3 Nxe4 16. Nxe4 Rxe4 17. Bb6 Nxb6 18. Rxe4 Bf5 19. Ree1 Nxa4 20. Nd4 Bd7
21. c3 Nb6 22. Qf4 Be5 23. Qh4 Qd8 24. Qxd8+ Rxd8 25. Nf3 Re8 26. Nxe5 dxe5 27.
b3 c5 28. Rd6 Bc6 29. Ra1 c4 30. Bxc4 Nxc4 31. bxc4 a4 32. Re1 Kg7 33. g4 h6
34. Kh2 g5 35. Kg3 Kh7 36. h4 Kg7 37. h5 Kh7 38. f3 Kg7 39. Kf2 Kh7 40. Red1
Kg7 41. Ke3 Ra8 42. Ra1 a3 43. Rd2 Ra4 44. Rf2 Rxc4 45. Rxa3 Rf4 46. Rb3 Rc4
47. Ke2 Rf4 48. Ke3 Rc4 1/2-1/2

[Event "Prva liga centralne Srbije 2013"]
[Site "Kragujevac"]
[Date "2013.09.21"]
[Round "10.1"]
[White "Tadic, Branko"]
[Black "Brankovic, Dejan"]
[Result "1-0"]
[WhiteElo "2486"]
[BlackElo "2364"]
[PlyCount "97"]
[EventDate "2013.09.14"]

1. c4 c5 2. g3 g6 3. Bg2 Bg7 4. Nf3 Nc6 5. Nc3 Nf6 6. d4 cxd4 7. Nxd4 O-O 8.
O-O Ng4 9. e3 d6 10. b3 Nxd4 11. exd4 Nh6 12. Bb2 Nf5 13. Ne2 a6 14. Qd2 e6 15.
Rfd1 Rb8 16. d5 e5 17. b4 Qb6 18. a4 a5 19. Ba3 axb4 20. Qxb4 Qxb4 21. Bxb4 Rd8
22. a5 Ra8 23. Be4 Nh6 24. Nc3 f5 25. Bc2 e4 26. Ra3 Nf7 27. Nb5 Ne5 28. Bb3
Nf3+ 29. Kg2 Be5 30. c5 dxc5 31. Bxc5 Kg7 32. Bb6 Rf8 33. d6 Bd7 34. Nc7 Rac8
35. Ne6+ Bxe6 36. Bxe6 Rc6 37. d7 Rxe6 38. d8=Q Rxd8 39. Bxd8 Bd4 40. Rb3 Rc6
41. Rxb7+ Kh6 42. Bb6 Bxb6 43. Rxb6 Rc2 44. Ra1 Ne5 45. Rb3 Ng4 46. a6 e3 47.
a7 exf2 48. a8=Q Nxh2 49. Rf1 1-0

[Event "Prva liga centralne Srbije 2013"]
[Site "Kragujevac"]
[Date "2013.09.21"]
[Round "10.1"]
[White "Dezelin, Milan"]
[Black "Roganovic, Milos"]
[Result "0-1"]
[WhiteElo "2296"]
[BlackElo "2497"]
[PlyCount "86"]
[EventDate "2013.09.14"]

1. d4 Nf6 2. c4 e6 3. Nc3 Bb4 4. e3 b6 5. Nge2 O-O 6. a3 Be7 7. Nf4 d5 8. cxd5
exd5 9. Qf3 Bg4 10. Qg3 Bf5 11. Qf3 Bg4 12. Qg3 Bf5 13. Qf3 Be4 14. Nxe4 dxe4
15. Qd1 Bd6 16. Nh5 Nbd7 17. Bb5 g6 18. Nxf6+ Nxf6 19. Bc6 Rb8 20. Qc2 Qe7 21.
h3 Qe6 22. g4 h6 23. Bd2 b5 24. a4 bxa4 25. Rxa4 Rb6 26. d5 Nxd5 27. Qc4 Nb4
28. Qxe6 Nd3+ 29. Ke2 fxe6 30. Bxe4 Nxf2 31. Rb1 Nxh3 32. Bc3 Rf2+ 33. Kd3 Rh2
34. Bxg6 Nf2+ 35. Kc4 Rg2 36. Bd4 c5 37. Rxa7 cxd4 38. Bf7+ Kg7 39. Bxe6+ Kf6
40. Kd5 Be7 41. Bf5 dxe3 42. Re1 Rd6+ 43. Kc4 Nxg4 0-1

[Event "Prva liga centralne Srbije 2013"]
[Site "Kragujevac"]
[Date "2013.09.21"]
[Round "10.1"]
[White "Markovic, Ivan J"]
[Black "Mladenovic, Stefan"]
[Result "1/2-1/2"]
[WhiteElo "2471"]
[BlackElo "2274"]
[PlyCount "47"]
[EventDate "2013.09.14"]

1. e4 c5 2. Nf3 d6 3. d4 cxd4 4. Nxd4 Nf6 5. Nc3 g6 6. Be3 Bg7 7. f3 O-O 8. Qd2
Nc6 9. O-O-O d5 10. exd5 Nxd5 11. Nxc6 bxc6 12. Nxd5 cxd5 13. Qxd5 Qc7 14. Qc5
Qb7 15. Qa3 Bf5 16. Ba6 Qc6 17. Bd3 Rab8 18. c3 Be6 19. Rd2 a5 20. Rhd1 Rfc8
21. Bf4 Rb4 22. Be4 Qb6 23. Rd8+ Rxd8 24. Rxd8+ 1/2-1/2

[Event "Prva liga centralne Srbije 2013"]
[Site "Kragujevac"]
[Date "2013.09.21"]
[Round "10.1"]
[White "Cvetanovic, Uros"]
[Black "Todorovic, Jovan"]
[Result "1/2-1/2"]
[WhiteElo "2258"]
[BlackElo "2418"]
[PlyCount "43"]
[EventDate "2013.09.14"]

1. e4 c5 2. Nf3 d6 3. d4 cxd4 4. Nxd4 Nf6 5. Nc3 Nc6 6. f3 e5 7. Ndb5 a6 8. Na3
b5 9. Nd5 Nxd5 10. exd5 Nd4 11. Be3 Nf5 12. Bf2 g6 13. Bd3 Bh6 14. Qe2 O-O 15.
O-O Nd4 16. Qd1 Rb8 17. c3 Nf5 18. Nc2 Ne7 19. Ba7 Ra8 20. Bf2 Rb8 21. Ba7 Ra8
22. Bf2 1/2-1/2

[Event "Prva liga centralne Srbije 2013"]
[Site "Kragujevac"]
[Date "2013.09.21"]
[Round "10.2"]
[White "Milanovic, Slavisa"]
[Black "Ivanov, Mikhail M"]
[Result "1/2-1/2"]
[WhiteElo "2419"]
[BlackElo "2398"]
[PlyCount "21"]
[EventDate "2013.09.14"]

1. c4 e5 2. Nc3 Nc6 3. Nf3 g6 4. d4 exd4 5. Nxd4 Bg7 6. Nxc6 bxc6 7. g3 Nf6 8.
Bg2 O-O 9. O-O a5 10. Qc2 Rb8 11. Rd1 1/2-1/2

[Event "Prva liga centralne Srbije 2013"]
[Site "Kragujevac"]
[Date "2013.09.21"]
[Round "10.2"]
[White "Blesic, Vaso"]
[Black "Radovanovic, Jovica"]
[Result "1-0"]
[WhiteElo "2375"]
[BlackElo "2335"]
[PlyCount "75"]
[EventDate "2013.09.14"]

1. e4 c5 2. Nc3 Nc6 3. f4 g6 4. Nf3 Bg7 5. Bb5 Nd4 6. O-O a6 7. Bc4 b5 8. Bd5
Rb8 9. d3 Nf6 10. Bb3 Bb7 11. Nxd4 cxd4 12. Ne2 O-O 13. h3 Qb6 14. Kh2 d6 15.
c3 dxc3 16. bxc3 Rbc8 17. Rb1 Nd7 18. a4 Qc7 19. axb5 axb5 20. Ba3 Ra8 21. Bb4
Nc5 22. Nd4 Nxb3 23. Qxb3 Qd7 24. Ba3 Bc6 25. Bb2 Ra4 26. f5 Raa8 27. Rf3 Rad8
28. Ba3 Bf6 29. Rbf1 Kg7 30. Kh1 g5 31. Qb1 d5 32. Nxc6 Qxc6 33. e5 Bxe5 34.
Bxe7 Bxc3 35. Qc1 h6 36. d4 b4 37. Bxb4 Qb5 38. Bxf8+ 1-0

[Event "Prva liga centralne Srbije 2013"]
[Site "Kragujevac"]
[Date "2013.09.21"]
[Round "10.2"]
[White "Misojcic, Miroslav"]
[Black "Sandic, Vladeta"]
[Result "1/2-1/2"]
[WhiteElo "2253"]
[BlackElo "2326"]
[PlyCount "84"]
[EventDate "2013.09.14"]

1. d4 d5 2. c4 c6 3. cxd5 cxd5 4. Bf4 Nf6 5. Nc3 Nc6 6. e3 a6 7. Bd3 Bg4 8.
Nge2 e6 9. O-O Bxe2 10. Qxe2 Bd6 11. Bg5 O-O 12. Rac1 Be7 13. Na4 Nd7 14. Bxe7
Qxe7 15. Nc5 Nxc5 16. Rxc5 g6 17. Rfc1 Qd8 18. Qd2 Qb6 19. a3 Rfc8 20. b4 Ne7
21. g3 Rxc5 22. bxc5 Qc7 23. Rb1 Nc6 24. Bf1 Re8 25. f4 Re7 26. Rb6 Kg7 27. Qb2
f6 28. Qb3 Qc8 29. Qa4 Rc7 30. Rb1 Qe8 31. Bg2 f5 32. Rb6 h5 33. Bf1 Kf7 34. h3
Ke7 35. Qd1 Kd7 36. Rb2 Kc8 37. Rb6 Qg8 38. h4 Qe8 39. Qb3 Qd7 40. a4 Qe7 41.
Qa3 Qg7 42. Qc3 Qd7 1/2-1/2

[Event "Prva liga centralne Srbije 2013"]
[Site "Kragujevac"]
[Date "2013.09.21"]
[Round "10.2"]
[White "Ratkovic, Miloje"]
[Black "Urosevic, Zoran"]
[Result "1-0"]
[WhiteElo "2261"]
[BlackElo "2244"]
[PlyCount "85"]
[EventDate "2013.09.14"]

1. d4 Nf6 2. Nf3 g6 3. c4 Bg7 4. Nc3 O-O 5. e4 d6 6. h3 Na6 7. Bd3 e5 8. O-O
exd4 9. Nxd4 Nc5 10. Bc2 a5 11. Bg5 Ne6 12. Be3 Nxd4 13. Bxd4 Be6 14. Qe2 Nd7
15. Bxg7 Kxg7 16. f4 f5 17. exf5 Bxf5 18. Bxf5 gxf5 19. Rae1 Nf6 20. Nb5 Qd7
21. Nd4 Rae8 22. Ne6+ Rxe6 23. Qxe6 Qxe6 24. Rxe6 Kf7 25. Re3 Rd8 26. Rd1 b6
27. Kf2 h5 28. Kf3 h4 29. Re5 Rg8 30. Rxf5 Rg3+ 31. Kf2 Ke6 32. Rb5 Ne4+ 33.
Kg1 Nc5 34. b3 Kd7 35. b4 axb4 36. Rxb4 Rc3 37. f5 Ne4 38. c5 Ng3 39. cxb6 cxb6
40. Rxh4 Nxf5 41. Rf4 Ne3 42. Re1 d5 43. h4 1-0

[Event "Prva liga centralne Srbije 2013"]
[Site "Kragujevac"]
[Date "2013.09.21"]
[Round "10.4"]
[White "Galkin, Alexander"]
[Black "Tomic, Bosko"]
[Result "0-1"]
[WhiteElo "2626"]
[BlackElo "2447"]
[PlyCount "78"]
[EventDate "2013.09.14"]

1. d4 Nf6 2. c4 g6 3. f3 Bg7 4. e4 O-O 5. Ne2 c6 6. Be3 d5 7. cxd5 cxd5 8. e5
Ne8 9. Ng3 Nc6 10. Nc3 f6 11. f4 Bh6 12. Qd2 Ng7 13. O-O-O Bf5 14. exf6 Rxf6
15. Nxf5 Nxf5 16. g3 Rc8 17. Kb1 Na5 18. Qd3 Rfc6 19. Bc1 Bg7 20. Bh3 e6 21.
Bxf5 gxf5 22. Rhe1 Qb6 23. Ne2 Nc4 24. g4 Nd6 25. Rg1 Ne4 26. Be3 Rc2 27. Qxc2
Rxc2 28. Kxc2 Qa5 29. Nc1 Qa4+ 30. Nb3 Qc4+ 31. Kb1 fxg4 32. Rxg4 Qe2 33. Rdg1
Qd3+ 34. Ka1 Qxe3 35. Rxg7+ Kf8 36. R7g2 b5 37. Rc1 a5 38. Rc7 a4 39. Rgg7 Nc5
0-1

[Event "Prva liga centralne Srbije 2013"]
[Site "Kragujevac"]
[Date "2013.09.21"]
[Round "10.4"]
[White "Zivkovic, Sava"]
[Black "Jovic, Stanoje"]
[Result "1/2-1/2"]
[WhiteElo "2353"]
[BlackElo "2328"]
[PlyCount "75"]
[EventDate "2013.09.14"]

1. e4 c6 2. d4 d5 3. Nc3 dxe4 4. Nxe4 Nf6 5. Nxf6+ exf6 6. c3 Bd6 7. Bd3 O-O 8.
Qc2 h6 9. Ne2 Qc7 10. Be3 Re8 11. Ng3 c5 12. Qd2 cxd4 13. cxd4 Nc6 14. O-O Bxg3
15. hxg3 Be6 16. Rac1 Qd7 17. Rc5 Rad8 18. Rd1 Bd5 19. b3 a6 20. Bc4 Ne7 21.
Bd3 Nf5 22. Bf4 g5 23. Bc7 Rc8 24. Bxf5 Qxf5 25. Re1 Qd7 26. Bb6 Re6 27. Rxc8+
Qxc8 28. Bc5 Qe8 29. Rxe6 Qxe6 30. f3 Kg7 31. Kf2 g4 32. Qf4 gxf3 33. gxf3 Qh3
34. Be7 Qh2+ 35. Ke3 Qg1+ 36. Ke2 Qg2+ 37. Ke3 Qg1+ 38. Ke2 1/2-1/2

[Event "Prva liga centralne Srbije 2013"]
[Site "Kragujevac"]
[Date "2013.09.21"]
[Round "10.4"]
[White "Zivkovic, Nemanja"]
[Black "Begus, Drasko"]
[Result "1-0"]
[WhiteElo "2274"]
[BlackElo "2345"]
[PlyCount "81"]
[EventDate "2013.09.14"]

1. Nf3 Nf6 2. g3 g6 3. Bg2 Bg7 4. O-O O-O 5. c4 d6 6. Nc3 Nc6 7. Rb1 a5 8. a3
e5 9. b4 axb4 10. axb4 Be6 11. d3 h6 12. b5 Ne7 13. Ne1 Rb8 14. Nc2 Qd7 15. Bd2
Bh3 16. e4 Bg4 17. f3 Be6 18. Nd5 Ne8 19. Nce3 f5 20. Nxe7+ Qxe7 21. exf5 gxf5
22. f4 Qd7 23. Nd5 Nf6 24. Nxf6+ Rxf6 25. Bc3 Rff8 26. Qc2 exf4 27. Bxg7 Qxg7
28. Rxf4 b6 29. Rbf1 Rbe8 30. d4 Bd7 31. c5 dxc5 32. dxc5 Re5 33. c6 Be6 34.
Qd3 Rc5 35. Re1 Bc8 36. Rd4 f4 37. Rd8 Rcf5 38. Rxc8 Rxc8 39. Qxf5 Rf8 40. Qe6+
Kh8 41. Qe5 1-0

[Event "Prva liga centralne Srbije 2013"]
[Site "Kragujevac"]
[Date "2013.09.21"]
[Round "10.4"]
[White "Ignjatovic, Predrag"]
[Black "Stankovic, Ivan G"]
[Result "1/2-1/2"]
[WhiteElo "2290"]
[BlackElo "2238"]
[PlyCount "135"]
[EventDate "2013.09.14"]

1. e4 g6 2. d4 Bg7 3. Nc3 c6 4. g3 d5 5. Be3 dxe4 6. Nxe4 Nh6 7. c3 Nf5 8. Bf4
Qb6 9. Qd2 O-O 10. Bg2 f6 11. Qe2 e5 12. dxe5 fxe5 13. Bc1 Be6 14. Nf3 Nd7 15.
O-O Rae8 16. h3 h6 17. b3 Nc5 18. Nfd2 Bd5 19. Kh2 Nxe4 20. Nxe4 Qa5 21. Bb2
Kh7 22. h4 Qc7 23. Ba3 Rf7 24. h5 g5 25. Rad1 Kh8 26. Rd2 Bf8 27. Bb2 Bg7 28.
Rfd1 b6 29. Rd3 Qe7 30. R1d2 Qf8 31. Kg1 Rc7 32. Qd1 Be6 33. Rd8 Rc8 34. Rxe8
Rxe8 35. Nd6 Nxd6 36. Rxd6 Qf7 37. Bxc6 Rf8 38. Rd2 g4 39. c4 Qxh5 40. Rd8 Qf5
41. Rd2 h5 42. Re2 Bc8 43. Qe1 Qf6 44. Bd5 Re8 45. Kg2 Bd7 46. Kg1 Bf5 47. b4
Qe7 48. Bc6 Rc8 49. b5 Bd3 50. Re3 Bxc4 51. Bxe5 Bxa2 52. Bb2 Qf8 53. Bxg7+
Qxg7 54. Re7 Bf7 55. Rxa7 Rf8 56. Qe7 Kg8 57. Qe3 Qg6 58. Qxb6 h4 59. gxh4 g3
60. f4 Qc2 61. Rxf7 Rxf7 62. Qe3 Qh2+ 63. Kf1 Rxf4+ 64. Ke1 Qxh4 65. Bd5+ Kg7
66. Ke2 Rf2+ 67. Kd3 Qf4 68. Qe7+ 1/2-1/2

[Event "Prva liga centralne Srbije 2013"]
[Site "Kragujevac"]
[Date "2013.09.21"]
[Round "10.5"]
[White "Dumic, Marko"]
[Black "Marinkovic, Ivan"]
[Result "1/2-1/2"]
[WhiteElo "2266"]
[BlackElo "2448"]
[PlyCount "54"]
[EventDate "2013.09.14"]

1. d4 Nf6 2. c4 c5 3. d5 b5 4. cxb5 a6 5. bxa6 g6 6. Nc3 Bxa6 7. e4 Bxf1 8.
Kxf1 d6 9. g3 Bg7 10. Kg2 O-O 11. Nge2 Qb6 12. Rb1 Na6 13. b3 Nc7 14. Bf4 Qb4
15. Qc2 Nd7 16. a4 f5 17. Bd2 Qb7 18. f3 fxe4 19. fxe4 Rae8 20. Rhf1 Nf6 21.
Bf4 Na6 22. Nb5 Nb4 23. Qc4 Ng4 24. Kg1 Qd7 25. e5 Bxe5 26. Bd2 Rxf1+ 27. Rxf1
Nf6 1/2-1/2

[Event "Prva liga centralne Srbije 2013"]
[Site "Kragujevac"]
[Date "2013.09.21"]
[Round "10.5"]
[White "Nestorovic, Lazar"]
[Black "Brajovic, Miroljub"]
[Result "1-0"]
[WhiteElo "2391"]
[BlackElo "2135"]
[PlyCount "72"]
[EventDate "2013.09.14"]

1. e4 d5 2. exd5 Qxd5 3. Nc3 Qa5 4. d4 Nf6 5. Bc4 c6 6. Bd2 Qc7 7. Qe2 e6 8.
O-O-O Be7 9. Nf3 a5 10. Ne5 b5 11. Bd3 b4 12. Ne4 Ba6 13. Bf4 Nd5 14. Bg3 Bxd3
15. Rxd3 Qb7 16. Nc4 O-O 17. Ned6 Qa6 18. Be5 Bf6 19. Bxf6 Nxf6 20. g4 Nbd7 21.
g5 Nd5 22. Qe4 c5 23. Rh3 g6 24. Qh4 h5 25. gxh6 Kh7 26. dxc5 Qc6 27. Ne4 f6
28. Rg1 Rg8 29. Rhg3 Ra7 30. Kb1 e5 31. Rd3 Qe6 32. Rgd1 g5 33. Nxg5+ Rxg5 34.
Qe4+ Qf5 35. Qxd5 Nf8 36. Ne3 Qxf2 1-0

[Event "Prva liga centralne Srbije 2013"]
[Site "Kragujevac"]
[Date "2013.09.21"]
[Round "10.5"]
[White "Kijanovic, Igor"]
[Black "Stankovic, Milos"]
[Result "1/2-1/2"]
[WhiteElo "2004"]
[BlackElo "2407"]
[PlyCount "65"]
[EventDate "2013.09.14"]

1. d4 e6 2. c4 Bb4+ 3. Bd2 a5 4. a3 Bxd2+ 5. Qxd2 d5 6. e3 Nf6 7. Nc3 O-O 8.
Nf3 Nbd7 9. Bd3 b6 10. cxd5 exd5 11. O-O c5 12. dxc5 Nxc5 13. Bc2 Bb7 14. b4
Ne6 15. Nd4 Rc8 16. Bb3 Qd6 17. Nf5 Qd7 18. Rfd1 Ng5 19. Bxd5 Qxf5 20. Bxb7 Rc7
21. Ba6 Ng4 22. f3 Qe5 23. fxg4 Rxc3 24. Re1 Re8 25. Qd4 Rxe3 26. Qxe3 Qxe3+
27. Rxe3 Rxe3 28. bxa5 bxa5 29. Rd1 Kf8 30. Rd5 Ne4 31. Rxa5 Re1+ 32. Bf1 Nd2
33. Rf5 1/2-1/2

[Event "Prva liga centralne Srbije 2013"]
[Site "Kragujevac"]
[Date "2013.09.21"]
[Round "10.6"]
[White "Djukic, Stevan"]
[Black "Radivojevic, Ivan"]
[Result "1/2-1/2"]
[WhiteElo "2252"]
[BlackElo "2352"]
[PlyCount "24"]
[EventDate "2013.09.14"]

1. d4 Nf6 2. c4 e6 3. Nc3 Bb4 4. Bg5 c5 5. d5 d6 6. f3 Bxc3+ 7. bxc3 h6 8. Bh4
e5 9. e4 Nbd7 10. Bd3 Nf8 11. Bf2 Ng6 12. g3 O-O 1/2-1/2

[Event "Prva liga centralne Srbije 2013"]
[Site "Kragujevac"]
[Date "2013.09.21"]
[Round "10.6"]
[White "Vuckovic, Branko"]
[Black "Stankovic, Dejan"]
[Result "1/2-1/2"]
[WhiteElo "2263"]
[BlackElo "2262"]
[PlyCount "37"]
[EventDate "2013.09.14"]

1. e4 e5 2. Nf3 Nf6 3. Nxe5 d6 4. Nf3 Nxe4 5. Bd3 Nf6 6. O-O Be7 7. h3 O-O 8.
c3 Re8 9. Bc2 b6 10. d4 h6 11. Nbd2 Bf8 12. Re1 Bb7 13. Rxe8 Qxe8 14. Nf1 Be4
15. Bb3 Qc6 16. N1d2 Bd3 17. Nf1 Be4 18. Ne1 a5 19. a4 1/2-1/2